| 000 | 01012nam a2200241Ia 4500 | ||
|---|---|---|---|
| 999 |
_c39954 _d39954 |
||
| 001 | 6560 | ||
| 003 | GE_BSU | ||
| 005 | 20191017171516.0 | ||
| 008 | 181216s1955||||ge |||||||||||||| ||geo|| | ||
| 040 | _cGE_BSU | ||
| 041 | _ageo | ||
| 080 | _a821.353.1-2 ბ-57 | ||
| 100 |
_aბერძენიშვილი, გრიგოლ _94808 |
||
| 245 |
_aინანი : _bდრამა 4 მოქმ.10 სურათად / _c გრიგოლ ბერძენიშვილი ; რედ. გ. ქიქოძე ; მხატვ. ნ. იანქოშვილი. |
||
| 250 | _aსაქ.თეატრის საზ-ბა. | ||
| 264 |
_aთბილისი : _bხელოვნება ; _c1955. |
||
| 300 |
_a90 გვ. ; _c20 სმ. |
||
| 653 | _aინანი | ||
| 653 | _aდრამა | ||
| 700 |
_aქიქოძე, გ. _eრედაქტორი _94458 |
||
| 700 |
_aიანქოშვილი, ნ. _eმხატვარი _94809 |
||
| 942 |
_cBK _2udc |
||